|
|
|
|
| LEADER |
01047nam a2200277 a 4500 |
| 001 |
7740 |
| 003 |
BD-DhAAL |
| 005 |
20151121092301.0 |
| 008 |
151121s2002 xna 000 1 eng d |
| 020 |
|
|
|a 0345413903
|
| 020 |
|
|
|a 1876590939
|
| 040 |
|
|
|a ANL
|b eng
|d BD-DhAAL
|
| 082 |
0 |
0 |
|a 813/.54
|2 21
|
| 100 |
1 |
|
|a Kellerman, Jonathan.
|9 16420
|
| 245 |
1 |
4 |
|a The murder book /
|c Jonathan Kellerman.
|
| 260 |
|
|
|a [Sydney] :
|a New York :
|b Doubleday Book Club,
|b Ballantine Books,
|c 2003.
|
| 300 |
|
|
|a 516 p. ;
|c 16 cm.
|
| 541 |
|
|
|e 7740
|
| 650 |
|
0 |
|a Delaware, Alex (Fictitious character)
|v Fiction.
|9 16421
|
| 650 |
|
0 |
|a Sturgis, Milo (Fictitious character)
|v Fiction.
|9 16422
|
| 650 |
|
0 |
|a Police
|z California
|z Los Angeles
|v Fiction.
|9 16423
|
| 650 |
|
0 |
|a Clinical psychologists
|v Fiction.
|9 16424
|
| 651 |
|
0 |
|a Los Angeles (Calif.)
|v Fiction.
|9 7060
|
| 942 |
|
|
|2 ddc
|c BK
|
| 999 |
|
|
|c 36258
|d 36258
|
| 952 |
|
|
|0 0
|1 0
|2 ddc
|4 0
|6 813_000000000000000__54_KEL
|7 0
|9 56997
|a SCL
|b SCL
|c GEN
|d 2015-11-21
|e Gift:
|l 8
|m 35
|o 813.54 KEL
|p 3020007740
|r 2023-10-19
|s 2023-10-18
|t 1
|w 2015-11-21
|y BK
|